000 00654nam a22002177a 4500
005 20170227085746.0
008 150702c1988 ck r|p o||| 00| 0 spa d
022 _a01877151
040 _aCO-BoIAVH
_cCO-BoIAVH
041 _aspa
044 _amx
090 _aSE
110 1 _aInstituto de Ecología
_935123
245 1 _aActa Botánica Mexicana
260 3 _aMéxico D.F.:
_bInstituto de Ecología,
_c1988-.
300 _c23 cm.
650 2 6 _aBotánica
_vPublicaciones periódicas
_zMéxico
650 2 6 _aBiología
_vPublicaciones periódicas
_zMéxico
856 _uhttp://www.redalyc.org/revista.oa?id=574
942 _2z
_cREVISTA
_s1
999 _c17516
_d17516